| 000 | 02395nam1a2200361 i 4500 | ||
|---|---|---|---|
| 001 | RU\NLR\BIBL_A\016263833 | ||
| 005 | 20260408132149.0 | ||
| 035 | _a(NLR Aleph) 016263833 | ||
| 090 |
_a12864300 _c12864300 |
||
| 100 | _a20230120g20229999u y0rusy50 ca | ||
| 101 | 0 | _arus | |
| 102 | _aRU | ||
| 105 | _a| z ||||| | ||
| 181 | 0 |
_ai _baxxe |
|
| 182 | 0 | _an | |
| 200 | 1 |
_aИстория государства и права народов Кавказа _eучебник _fАвидзба А. Ф., д. и. н., профессор, Авидзба В. В., к. и. н., доцент, Камкия Ф. Г., к. ю. н., доцент [и др.] _gпод общей редакцией доктора юридических наук, профессора Шапсугова Д. Ю. _gРоссийская академия народного хозяйства и государственной службы при Президенте Российской Федерации, Южно-Российский институт управления, Центр правовых исследований |
|
| 203 |
_aТекст _bвизуальный _cнепосредственный |
||
| 210 |
_aРостов-на-Дону _cЮРИУ РАНХиГС _d2022 |
||
| 215 | _d21 | ||
| 225 | 1 | _aМеждународный научно-исследовательский проект "Правовой мир Кавказа" | |
| 300 | _aАвт. указаны на обороте тит. с. | ||
| 606 | 1 |
_aПраво _jУчебники _xИстория _yКавказ _92142376 _3RU\NLR\AUTH\661595664 |
|
| 606 | 1 |
_aГосударство _jУчебники _xИстория _yКавказ _92142378 _3RU\NLR\AUTH\661595665 |
|
| 686 | 1 | _aХ2(2Р37)я7-1 | |
| 701 | 1 |
_aАвидзба _bА. Ф. _gАслан Фазлыбеевич |
|
| 701 | 1 |
_aАвидзба _bВ. В. _gВиктор Владимирович |
|
| 701 | 1 |
_aКамкия _bФ. Г. _gФатима Гурамовна |
|
| 702 | 1 |
_4340 _aШапсугов _bД. Ю. _cд-р юрид. наук _f1943- _gДамир Юсуфович _9252291 _3RU\NLR\AUTH\770252347 |
|
| 712 | 0 | 2 |
_4570 _aЮжно-Российский институт управления _bЦентр правовых исследований _cРостов-на-Дону _9831487 _3RU\NLR\AUTH\880582812 |
| 852 |
_aNLR _j2023-3/518 |
||
| 942 | _cBOOK | ||